Corrosion and materials in the oil and gas industries / (Record no. 23981)

MARC details
000 -LEADER
fixed length control field 00910nam a22002535a 4500
008 - FIXED-LENGTH DATA ELEMENTS--GENERAL INFORMATION
fixed length control field 170119s2016 nyua|||frb||| 001 0 eng d
020 ## - INTERNATIONAL STANDARD BOOK NUMBER
International Standard Book Number 9781681170374
020 ## - INTERNATIONAL STANDARD BOOK NUMBER
International Standard Book Number 168117037X
040 ## - CATALOGING SOURCE
Original cataloging agency EG-ScBUE
Language of cataloging eng
Transcribing agency EG-ScBUE
082 04 - DEWEY DECIMAL CLASSIFICATION NUMBER
Edition number 22
Classification number 665.5
Item number COR
245 ## - TITLE STATEMENT
Title Corrosion and materials in the oil and gas industries /
Statement of responsibility, etc Editor, Sidharth Saini.
260 ## - PUBLICATION, DISTRIBUTION, ETC. (IMPRINT)
Place of publication, distribution, etc Valley Cottage, New York :
Name of publisher, distributor, etc SCITUS Academics LLC,
Date of publication, distribution, etc 2016.
300 ## - PHYSICAL DESCRIPTION
Extent 284 p. :
Other physical details ill. ;
Dimensions 19 cm.
500 ## - GENERAL NOTE
General note Index : p. 281-284.
504 ## - BIBLIOGRAPHY, ETC. NOTE
Bibliography, etc Bibliography : p. 274-278.
590 ## - LOCAL NOTE (RLIN)
Local note Wessam
650 #7 - SUBJECT ADDED ENTRY--TOPICAL TERM
Source of heading or term BUEsh
9 (RLIN) 3623
Topical term or geographic name as entry element Corrosion and anti-corrosives.
650 #7 - SUBJECT ADDED ENTRY--TOPICAL TERM
9 (RLIN) 41774
Topical term or geographic name as entry element Petroleum industry and trade
General subdivision Equipment and supplies
-- Corrosion.
650 #7 - SUBJECT ADDED ENTRY--TOPICAL TERM
9 (RLIN) 41775
Topical term or geographic name as entry element Oil fields
General subdivision Equipment and supplies
-- Corrosion.
651 ## - SUBJECT ADDED ENTRY--GEOGRAPHIC NAME
Source of heading or term BUEsh
653 ## - INDEX TERM--UNCONTROLLED
Resource For college Engineering, Petroleum
Arrived date list January2017
700 1# - ADDED ENTRY--PERSONAL NAME
9 (RLIN) 41771
Personal name Saini, Sidharth.
Relator term editor
942 ## - ADDED ENTRY ELEMENTS (KOHA)
Source of classification or shelving scheme Dewey Decimal Classification
Edition 22
Call number prefix 665.5 COR
Holdings
Withdrawn status Item status Source of classification or shelving scheme Damaged status Not for loan Vendor Home library Current library Shelving location Date acquired Source of acquisition Cost, normal purchase price Serial Enumeration / chronology Total Checkouts Full call number Barcode Date last seen Date last borrowed Cost, replacement price Koha item type
    Dewey Decimal Classification     Baccah Central Library Central Library First floor 19/01/2017 Purchase 680.00 3639 1 665.5 COR 000045309 15/07/2025 01/12/2018 850.00 Book - Borrowing